<?xml version="1.0" encoding="UTF-8"?>
<record
    xmlns:xsi="http://www.w3.org/2001/XMLSchema-instance"
    xsi:schemaLocation="http://www.loc.gov/MARC21/slim http://www.loc.gov/standards/marcxml/schema/MARC21slim.xsd"
    xmlns="http://www.loc.gov/MARC21/slim">

  <leader>01479nam a22001937a 4500</leader>
  <controlfield tag="005">20220624213119.0</controlfield>
  <controlfield tag="008">220624b        |||||||| |||| 00| 0 eng d</controlfield>
  <datafield tag="020" ind1=" " ind2=" ">
    <subfield code="a">9788480265997</subfield>
  </datafield>
  <datafield tag="040" ind1=" " ind2=" ">
    <subfield code="c">Biblioteca Lado V</subfield>
  </datafield>
  <datafield tag="082" ind1=" " ind2=" ">
    <subfield code="a">700.82</subfield>
    <subfield code="b">M985m</subfield>
  </datafield>
  <datafield tag="100" ind1=" " ind2=" ">
    <subfield code="a">Museo Nacional Centro de Arte Reina Sof&#xED;a</subfield>
  </datafield>
  <datafield tag="110" ind1=" " ind2=" ">
    <subfield code="a">Pineda, Mercedes (edici&#xF3;n)</subfield>
  </datafield>
  <datafield tag="245" ind1=" " ind2=" ">
    <subfield code="a">Musas insumisas</subfield>
    <subfield code="b">Delphine Seyrig y los colectivos de v&#xED;deo feminista en Francia en los 70 y 80</subfield>
  </datafield>
  <datafield tag="260" ind1=" " ind2=" ">
    <subfield code="a">Madrid</subfield>
    <subfield code="b">Museo Nacional Centro de Arte Reina Sof&#xED;a</subfield>
    <subfield code="c">2019</subfield>
  </datafield>
  <datafield tag="300" ind1=" " ind2=" ">
    <subfield code="a">240 p.</subfield>
    <subfield code="b">il. (col)</subfield>
    <subfield code="c">23 x 17 cm</subfield>
  </datafield>
  <datafield tag="505" ind1=" " ind2=" ">
    <subfield code="t">Musas insumisas: una introducci&#xF3;n</subfield>
    <subfield code="r">Nata&#x161;a Petre&#x161;in-Bachelez y Giovanna Zapperi</subfield>
    <subfield code="t">Undoing the diva: Delphine Seyrig, o la deconstrucci&#xF3;n de un mito</subfield>
    <subfield code="r">Alexandre Moussa</subfield>
    <subfield code="t">&#xBF;Cortar los hombres en pedazos? Las formas l&#xFA;dicas del videoactivismo de Delphine Seyrig y Carole Roussopoulos</subfield>
    <subfield code="r">Ros Murray</subfield>
    <subfield code="t">Ser una mujer, no una aparici&#xF3;n. La b&#xFA;squeda feminista de Delphine Seyrig</subfield>
    <subfield code="r">Fran&#xE7;oise Verg&#xE8;s</subfield>
    <subfield code="t">"Nunca visto pero imaginado a la perfecci&#xF3;n": el papel de Delphine Seyrig en el cine de Ulrike Ottinger </subfield>
    <subfield code="r">&#xC9;lisabeth Lebovici</subfield>
    <subfield code="t">"Una historia extraordinaria": el Centre audiovisuel Simone de Beauvoir de Par&#xED;s</subfield>
    <subfield code="r">Nata&#x161;a Petre&#x161;in-Bachelez y Giovanna Zapperi en conversaci&#xF3;n con Nicole Fern&#xE1;ndez Ferrer</subfield>
    <subfield code="t">Ep&#xED;logo</subfield>
    <subfield code="t">Listado de im&#xE1;genes</subfield>
  </datafield>
  <datafield tag="650" ind1=" " ind2=" ">
    <subfield code="x">arte contempor&#xE1;neo</subfield>
    <subfield code="x">arte - mujeres</subfield>
    <subfield code="x">mujeres en el arte</subfield>
    <subfield code="x">arte - exhibici&#xF3;n</subfield>
    <subfield code="x">arte - feminismo</subfield>
    <subfield code="x">arte - videoarte feminista</subfield>
    <subfield code="x">Francia</subfield>
  </datafield>
  <datafield tag="942" ind1=" " ind2=" ">
    <subfield code="2">ddc</subfield>
    <subfield code="c">1</subfield>
    <subfield code="n">0</subfield>
  </datafield>
  <datafield tag="999" ind1=" " ind2=" ">
    <subfield code="c">1913</subfield>
    <subfield code="d">1913</subfield>
  </datafield>
  <datafield tag="952" ind1=" " ind2=" ">
    <subfield code="0">0</subfield>
    <subfield code="1">0</subfield>
    <subfield code="2">ddc</subfield>
    <subfield code="4">0</subfield>
    <subfield code="7">0</subfield>
    <subfield code="a">LV</subfield>
    <subfield code="b">LV</subfield>
    <subfield code="d">2022-06-24</subfield>
    <subfield code="l">0</subfield>
    <subfield code="o">700.82 M985m</subfield>
    <subfield code="p">003720</subfield>
    <subfield code="r">2022-06-24 00:00:00</subfield>
    <subfield code="w">2022-06-24</subfield>
    <subfield code="y">1</subfield>
  </datafield>
</record>
